| 000 | 00485nam a2200181Ia 4500 | ||
|---|---|---|---|
| 005 | 20251020182605.0 | ||
| 008 | 200515s9999 xx 000 0 und d | ||
| 082 | _aSC/371.1/M59 | ||
| 110 | _aDirección General de Renovación Pedagogía | ||
| 245 | 0 | _aPapeles para el debate Nº 1 : Proyecto para la reforma de la enseñanza | |
| 260 | _aMadrid | ||
| 260 | _c1988 | ||
| 300 | _a224 | ||
| 650 | _aEDUCACION | ||
| 650 | _aPROYECTOS | ||
| 650 | _aREFORMA EDUCATIVA | ||
| 942 | _cLIB | ||
| 999 |
_c3167 _d3167 |
||